000 00628nam a22002177a 4500
999 _c11058
_d11058
003 AR-CdUCM
008 190402b ||||| |||| 00| 0 spa d
040 _aMUNICIPALIDAD PROVINCIAL DEL CUSCO
_cBIBLIOTECA MUNICIPAL DEL CUSCO
082 _aC / 869.56 /
_bAM52H
100 _aAmaro, Tupak
_917543
245 _aHortensia :
_bPoemas /
260 _aCusco :
_bTip. Vilcanota,
_c1944.
300 _as/p
_bretrato,
_c17 cm.
505 _aContenido: Poemas.
650 _aLiteratura Peruana
_9132
650 _aSiglo XX
_98
650 _aCusco
_9772
650 _aPoemas Cusqueños
_917375
942 _2ddc
_cLIBROS
945 _aachl